Getting into Cirque Du Soleil (Record no. 333141)
[ view plain ]
| 000 -LEADER | |
|---|---|
| fixed length control field | 00469nam a2200097Ia 4500 |
| 008 - FIXED-LENGTH DATA ELEMENTS--GENERAL INFORMATION | |
| fixed length control field | 170517s9999 xx 000 0 und d |
| 245 ## - TITLE STATEMENT | |
| Title | Getting into Cirque Du Soleil |
| 300 ## - PHYSICAL DESCRIPTION | |
| Extent | Ever wondered what it takes to be a part of Cirque du Soleil? Getting to be a one of a kind performer is no small feat. For four months, 16x9 followed Cirque Du Soleil scouts as they scoured the... |
| 650 ## - SUBJECT ADDED ENTRY--TOPICAL TERM | |
| General subdivision | Art. |
| 856 ## - ELECTRONIC LOCATION AND ACCESS | |
| Uniform Resource Identifier | <a href="http://topdocumentaryfilms.com/getting-into-cirque-du-soleil/">http://topdocumentaryfilms.com/getting-into-cirque-du-soleil/</a> |
| Withdrawn status | Lost status | Damaged status | Home library | Current library | Date acquired | Total Checkouts | Date last seen | Price effective from | Koha item type |
|---|---|---|---|---|---|---|---|---|---|
| College Library | College Library | 05/17/2017 | 05/17/2017 | 05/17/2017 | Documentary Films |